[Event "2015 PHCC Championships"]
[Site "Port Huron"]
[Date "2015.02.05"]
[Round "5"]
[White "Bedy, Noel"]
[Black "Gregg, Alan"]
[Result "1/2-1/2"]
[WhiteElo "1610"]
[BlackElo "1939"]
[PlyCount "113"]
[EventDate "2015.02.05"]
[EventRounds "6"]

1. d4 Nf6 2. Nf3 g6 3. Nbd2 d5 4. e3 Bg7 5. b4 O-O 6. Bb2 b6 7. a3 Bb7 8. c4 c6 9. cxd5 cxd5 10. Bd3 Nbd7 11. O-O Ne4 12. Rc1 Nd6 13. Qc2 Rc8 14. Qb1 Nf6 15. Rxc8 Qxc8 16. Rc1 Qb8 17. Ne5 Rc8 18. b5 Rc7 19. a4 Qc8 20. Rxc7 Qxc7 21. Qc2 Qxc2 22. Bxc2 Nfe8 23. Nd3 a6 24. bxa6 Bxa6 25. Ba3 e6 26. Nb4 Bb7 27. Bd3 Bf8 28. f3 f5 29. Kf2 Nc7 30. Na2 Bc6 31. Nc3 Kf7 32. Bxd6 Bxd6 33. Nb5 Bxb5 34. Bxb5 h5 35. Bd3 g5 36. h3 Kf6 37. e4 fxe4 38. fxe4 Bb4 39. e5+ Kg7 40. Nf3 Kh6 41. g3 Be7 42. g4 Ba3 43. Ke2 hxg4 44. hxg4 Bc1 45. Kd1 Bf4 46. Kc2 Kg7 47. Kb3 Kf7 48. Kb4 Ke7 49. a5 bxa5+ 50. Kxa5 Ne8 51. Kb6 Be3 52. Kc5 Ng7 53. Bb5 Bc1 54. Ba4 Ba3+ 55. Kb6 Bc1 56. Kc5 Be3 57. Bb5 1/2-1/2

[Event "2015 PHCC Championships"]
[Site "Port Huron"]
[Date "2015.02.05"]
[Round "5"]
[White "Boucher, David"]
[Black "Morabito, Matthew"]
[Result "0-1"]
[WhiteElo "1467"]
[BlackElo "1852"]
[PlyCount "74"]
[EventDate "2015.02.05"]
[EventRounds "6"]

1. e4 c5 2. d4 d6 3. c3 cxd4 4. cxd4 Nf6 5. Nc3 g6 6. Bc4 Bg7 7. h3 O-O 8. Nf3 a6 9. Be3 b5 10. Bb3 b4 11. e5 bxc3 12. exf6 Bxf6 13. bxc3 Bb7 14. Bh6 Bg7 15. Qd2 Nd7 16. Qe3 Bxh6 17. Qxh6 Bxf3 18. gxf3 e5 19. O-O Qf6 20. Ba4 Nb6 21. dxe5 dxe5 22. Bb3 Rac8 23. Qe3 Nc4 24. Bxc4 Rxc4 25. Rfe1 Rfc8 26. Qxe5 Qxf3 27. Re3 Qc6 28. Rb1 Rc5 29. Qd4 Rg5+ 30. Rg3 Rxg3+ 31. fxg3 Qf3 32. Qe5 Qxc3 33. Qf4 Qc5+ 34. Kh1 Qd5+ 35. Kg1 Rc2 36. Qb8+ Kg7 37. Qb3 Qg2# 0-1

[Event "2015 PHCC Championships"]
[Site "Port Huron"]
[Date "2015.02.12"]
[Round "6"]
[White "Morabito, Matthew"]
[Black "Rutkofske, Lonnie"]
[Result "1-0"]
[WhiteElo "1852"]
[BlackElo "1840"]
[PlyCount "44"]
[EventDate "2015.02.12"]
[EventType "tourn"]
[EventRounds "6"]

1. Nf3 Nf6 2. g3 g6 3. Bg2 Bg7 4. O-O O-O 5. c4 c5 6. Nc3 Nc6 7. d4 cxd4 8. Nxd4 Nxd4 9. Qxd4 a6 10. Rb1 d6 11. Qh4 Re8 12. Bh6 Bh8 13. Rfd1 Ng4 14. Bxb7 Nxf2 15. Bxa8 Nh3+ 16. Kf1 Qb6 17. e3 Bf6 18. Nd5 Qc5 19. b4 Qxd5 20. Bxd5 Bxh4 21. gxh4 e5 22. Kg2 Kh8 1-0

[Event "2015 PHCC Championships"]
[Site "Port Huron"]
[Date "2015.02.12"]
[Round "4"]
[White "Gregg, Alan"]
[Black "Wingrove, William"]
[Result "1-0"]
[WhiteElo "1939"]
[BlackElo "1667"]
[PlyCount "105"]
[EventDate "2015.02.12"]
[EventType "tourn"]
[EventRounds "6"]

1. e4 c5 2. Nf3 d6 3. d4 cxd4 4. Nxd4 Nf6 5. Nc3 a6 6. g3 e5 7. Nde2 Nbd7 8. Bg2 b5 9. O-O Bb7 10. a4 b4 11. Nd5 Nxd5 12. exd5 a5 13. c4 bxc3 14. Nxc3 Be7 15. Be3 O-O 16. Rc1 Bg5 17. Bxg5 Qxg5 18. Ne4 Qe7 19. Rc7 Ba6 20. Re1 Rfc8 21. Rxc8+ Rxc8 22. Qd2 f5 23. Qxa5 Bc4 24. Nd2 Rc5 25. Qa8+ Kf7 26. b4 Nb6 27. Qb8 Qc7 28. Qxc7+ Rxc7 29. Rc1 Rc8 30. b5 Bd3 31. Rxc8 Nxc8 32. Bf1 Bxf1 33. Kxf1 Ke7 34. Nc4 Kd7 35. b6 Ne7 36. a5 Nxd5 37. a6 Kc6 38. a7 Kb7 39. Nxd6+ Ka8 40. Nc4 e4 41. Ke1 g6 42. Kd2 Kb7 43. Kc2 Ka8 44. Kb3 Kb7 45. Ka4 Nc3+ 46. Ka5 Nd5 47. Nd6+ Ka8 48. Ka6 Nb4+ 49. Kb5 Nd5 50. Kc6 Ne7+ 51. Kc5 h6 52. Nb5 Kb7 53. Nc7 1-0

[Event "2015 PHCC Championships"]
[Site "Port Huron"]
[Date "2015.02.12"]
[Round "6"]
[White "Jones, G. Avery"]
[Black "Bedy, Noel"]
[Result "1/2-1/2"]
[WhiteElo "1645"]
[BlackElo "1610"]
[PlyCount "72"]
[EventDate "2015.02.12"]
[EventType "tourn"]
[EventRounds "6"]

1. d4 d5 2. Nf3 Nf6 3. Nc3 Bf5 4. Bg5 c6 5. Bxf6 exf6 6. e3 Bd6 7. Bd3 Bg4 8. O-O Qc7 9. h3 Bh5 10. e4 Bb4 11. exd5 Bxc3 12. Qe2+ Qe7 13. bxc3 Qxe2 14. Bxe2 cxd5 15. Rab1 b6 16. Bb5+ Ke7 17. Rfe1+ Kd6 18. Nh4 Bg6 19. Re2 a6 20. Nxg6 hxg6 21. Bd3 b5 22. Re3 Nc6 23. Rbe1 Ra7 24. Kh2 Re7 25. Rxe7 Nxe7 26. g3 Rc8 27. a4 Rxc3 28. axb5 axb5 29. Rb1 Nf5 30. Rxb5 Nxd4 31. Rb2 Nf3+ 32. Kh1 Ne1 33. Rb7 Nxd3 34. cxd3 Rc7 35. Rb3 Ke5 36. Rb4 Kd6 1/2-1/2

[Event "2015 PHCC Championships"]
[Site "Marysville"]
[Date "2015.02.26"]
[Round "7"]
[White "Rutkofske, Lonnie"]
[Black "Gregg, Alan"]
[Result "0-1"]
[WhiteElo "1840"]
[BlackElo "1939"]
[PlyCount "91"]
[EventDate "2015.02.26"]
[EventType "tourn"]
[EventRounds "7"]

1. c4 Nf6 2. g3 e6 3. Bg2 d5 4. cxd5 exd5 5. Nf3 Be7 6. O-O O-O 7. d3 c6 8. Re1 Bf5 9. Nbd2 Na6 10. Nh4 Bg4 11. h3 Be6 12. a3 Rc8 13. Nhf3 Bf5 14. Nf1 h6 15. Ne3 Bh7 16. Ng4 Nxg4 17. hxg4 Bf6 18. Ra2 Nc5 19. b4 Ne6 20. Nd2 Bd4 21. Nb3 Bb6 22. e3 f5 23. d4 Ng5 24. Nc5 Qe7 25. f4 Ne4 26. Nxe4 fxe4 27. Bh3 g5 28. Kh1 a6 29. Qe2 Rf7 30. a4 Qd7 31. Rf1 Rcf8 32. Qh2 Bc7 33. f5 Bd6 34. Bd2 Rf6 35. Be1 Qf7 36. Qg1 h5 37. Rh2 hxg4 38. Bxg4 Bxf5 39. Rxf5 Rxf5 40. Bxf5 Qxf5 41. Rh6 Kg7 42. Rh2 Qf3+ 43. Qg2 Qf1+ 44. Qg1 Qf3+ 45. Qg2 Qxe3 46. Bf2 0-1

[Event "2015 PHCC Championships"]
[Site "Port Huron"]
[Date "2015.02.26"]
[Round "5"]
[White "Wingrove, William"]
[Black "Jones, G. Avery"]
[Result "1-0"]
[WhiteElo "1667"]
[BlackElo "1645"]
[PlyCount "79"]
[EventDate "2015.02.26"]
[EventType "tourn"]
[EventRounds "7"]
[EventCountry "USA"]

1. e4 c6 2. d4 d5 3. e5 g6 4. f4 Bg7 5. Nf3 Bg4 6. Be2 Qb6 7. b3 c5 8. Be3 Nd7 9. O-O Rc8 10. Nc3 e6 11. Bb5 Bxf3 12. Bxd7+ Kxd7 13. Rxf3 Qb4 14. Na4 c4 15. a3 Qb5 16. Nc5+ Ke7 17. Rb1 c3 18. Bf2 Nh6 19. Be1 Rxc5 20. dxc5 Qxc5+ 21. Kh1 d4 22. a4 Nf5 23. Qd3 a5 24. Qe4 Qc7 25. Bf2 Rd8 26. Rd3 Qc6 27. Qxc6 bxc6 28. Rbd1 c5 29. h3 h5 30. g4 hxg4 31. hxg4 Rh8+ 32. Kg2 Nh6 33. Kg3 f5 34. Bxd4 cxd4 35. Rxd4 Nf7 36. Rd7+ Ke8 37. Rc7 fxg4 38. Rc8+ Ke7 39. Rxh8 Bxh8 40. Rd3 1-0

[Event "2015 PHCC Championships"]
[Site "Port Huron"]
[Date "2015.02.26"]
[Round "4"]
[White "Morabito, Matthew"]
[Black "Bedy, Noel"]
[Result "1-0"]
[WhiteElo "1610"]
[BlackElo "1852"]
[PlyCount "59"]
[EventDate "2015.02.26"]
[EventType "tourn"]
[EventRounds "7"]
[EventCountry "USA"]

1. Nf3 d5 2. g3 c6 3. Bg2 Bg4 4. Ne5 Bh5 5. c4 e6 6. O-O Nd7 7. Nxd7 Qxd7 8. b3 Be7 9. Bb2 Bf6 10. d4 dxc4 11. bxc4 Ne7 12. Qd2 O-O 13. Nc3 Qxd4 14. Qxd4 Bxd4 15. e3 Bxc3 16. Bxc3 Rfe8 17. Rab1 Be2 18. Rfc1 Bxc4 19. Rxb7 Nd5 20. Bd4 Bb5 21. a3 a5 22. e4 Re7 23. Rxb5 cxb5 24. exd5 exd5 25. Bb6 Rae8 26. Bxa5 d4 27. Rd1 Rc8 28. Bf3 g6 29. Rxd4 Kg7 30. Bb4 1-0

[Event "2015 PHCC Championships"]
[Site "Port Huron"]
[Date "2015.02.26"]
[Round "6"]
[White "Gregg, Alan"]
[Black "Boucher, David"]
[Result "1-0"]
[WhiteElo "1939"]
[BlackElo "1467"]
[PlyCount "101"]
[EventDate "2015.02.26"]
[EventType "tourn"]
[EventRounds "7"]
[EventCountry "USA"]

1. b3 e6 2. Bb2 d5 3. Nf3 c5 4. e3 Nc6 5. Bb5 Bd7 6. O-O Nf6 7. Bxc6 Bxc6 8. Ne5 Bd6 9. f4 O-O 10. d3 Nd7 11. Nxc6 bxc6 12. c4 f5 13. Nd2 a5 14. g3 Qb6 15. Rb1 Rad8 16. Qf3 Be7 17. Rfd1 Nf6 18. e4 Qc7 19. Be5 Qc8 20. Bxf6 Rxf6 21. e5 Rf7 22. Qe2 Qd7 23. Nf3 Ra8 24. Kg2 Qc8 25. Rd2 Ra7 26. h4 g6 27. Rh1 h5 28. Rhd1 Rg7 29. Rc2 Qb7 30. Rb2 Qa8 31. Rdb1 Rb7 32. Kh3 Rf7 33. d4 Qa7 34. Rd1 {Diagram [Black's best here is the waiting move to reposition his KR with 34....Rf8...the text loses instantly because it permits White's knight instant treats and penetration.} cxd4 35. Nxd4 Ba3 {Diagram } 36. Rc2 Rb6 37. Nxe6 Qd7 38. Ng5 Rf8 39. cxd5 cxd5 40. Rcd2 Rb5 41. e6 Qb7 42. e7 Bxe7 43. Rxd5 Rxd5 44. Qe6+ Kh8 45. Qxd5 Qxd5 46. Rxd5 Bb4 47. a3 Bxa3 48. Rxa5 Bd6 49. Ra6 Rf6 50. Rxd6 Rxd6 51. Nf7+ 1-0

[Event "2015 PHCC Championships"]
[Site "Port Huron"]
[Date "2015.01.08"]
[Round "1"]
[White "Wingrove, William"]
[Black "Boucher, David"]
[Result "0-1"]
[WhiteElo "1667"]
[BlackElo "1467"]
[Annotator "Doe,John"]
[PlyCount "101"]
[EventDate "2015.01.08"]
[EventType "tourn"]
[EventRounds "7"]

1. e4 e6 2. d4 d5 3. Nc3 Bb4 4. e5 Ne7 5. a3 Bxc3+ 6. bxc3 c5 7. h4 b6 8. Bb5+ Bd7 9. Bd3 c4 10. Be2 Ba4 11. Nf3 h6 12. h5 Kd7 13. Rh4 Qg8 14. Bf4 Qh7 15. Ra2 Na6 16. Bh2 Rhg8 17. Qd2 Rh8 18. g4 Kc6 19. Bd1 Raf8 20. Rh3 Qe4+ 21. Be2 Qxg4 22. Ng1 Qf5 23. Rg3 g5 24. Rf3 Qh7 25. Rg3 f5 26. exf6 Rxf6 27. Rg2 Rhf8 28. Be5 R6f7 29. Bg4 Nf5 30. Qe2 {Diagram  [30...Nh4 31. Rh2, Bc2! 32. Be6, Bd3! ( if... 32.Rh2, Bc2 33. Qc2, Nc3+ 33.Kd1, Qc2 34.Kc2, Nh2!)]} Re7 31. Nf3 Qf7 32. Bh2 Qe8 33. Ne5+ Kb7 34. Ng6 Rff7 35. Nxe7 Rxe7 36. Qe5 Ng7 37. Kd2 Nxh5 38. f3 Ng7 39. Re2 Nb8 40. Ra1 Nc6 41. Qg3 Nf5 42. Bxf5 exf5 43. Rae1 f4 44. Qh3 Qf8 45. Rxe7+ Nxe7 46. Qe6 Nf5 47. Qxd5+ Ka6 48. Qxc4+ Bb5 49. Qe6 Ne3 50. Kc1 Qxa3+ 51. Kd2 0-1

[Event "2015 PHCC Championships"]
[Site "Port Huron"]
[Date "2015.03.05"]
[Round "7"]
[White "Boucher, David"]
[Black "Jones, G. Avery"]
[Result "0-1"]
[WhiteElo "1467"]
[BlackElo "1646"]
[PlyCount "100"]
[EventDate "2015.03.05"]
[EventType "tourn"]
[EventRounds "7"]
[EventCountry "USA"]

1. e4 c6 2. Bc4 d5 3. Bb3 Be6 4. d4 Nf6 5. e5 Nfd7 6. Nf3 Bg4 7. c3 e6 8. O-O c5 9. Bc2 Nc6 10. Be3 Qb6 11. b3 cxd4 12. cxd4 Rc8 13. Nc3 Qb4 14. Na4 Bxf3 15. gxf3 b5 16. a3 Qe7 17. Nc5 Nxc5 18. dxc5 Nxe5 19. f4 Nc6 20. b4 g6 21. Bd4 Rg8 22. Rb1 Qh4 23. Be3 Bg7 24. a4 a6 25. axb5 axb5 26. Bd3 Rb8 27. Qe2 Qh5 28. f3 Na7 29. Rb3 d4 30. Bf2 Qd5 31. Ra3 Qb7 32. Bg3 Rc8 33. Ra5 Ke7 34. f5 gxf5 35. Bxf5 Bh6 36. Kh1 Rxg3 37. hxg3 Qc7 38. Kg2 Rg8 39. g4 Be3 40. Rfa1 Nc6 41. Be4 Kf6 42. Bxc6 Qxc6 43. Kf1 Rxg4 44. Qg2 Rxg2 45. Kxg2 Qd5 46. Rxb5 Qg5+ 47. Kh2 Qh4+ 48. Kg2 Qf2+ 49. Kh1 Qxf3+ 50. Kh2 Qe2+ 0-1

[Event "Casual Game"]
[Site "St. Clair"]
[Date "2015.03.07"]
[Round "?"]
[White "Rutkofske, Lonnie"]
[Black "Broyles, Thomas"]
[Result "1-0"]
[WhiteElo "1800"]
[BlackElo "1699"]
[PlyCount "83"]
[EventDate "2015.03.07"]
[EventType "game"]

1. e4 e5 2. Bc4 Nf6 3. Nf3 Nc6 4. O-O h6 5. d4 exd4 6. Nxd4 Bc5 7. Nxc6 bxc6 8. e5 Ng8 9. Qg4 g6 10. Bb3 d5 11. Qa4 Bd7 12. c4 Ne7 13. cxd5 cxd5 14. Qf4 c6 15. Bc2 Nf5 16. Bxf5 Bxf5 17. b4 Be7 18. Bb2 Bg5 19. Qd4 Qb6 20. f4 Be7 21. e6 Qxd4+ 22. Bxd4 O-O 23. exf7+ Rxf7 24. a3 Bf6 25. Bxf6 Rxf6 26. Nd2 Re6 27. Nf3 Re2 28. Rf2 Rae8 29. Ne5 Rxf2 30. Kxf2 Be4 31. g3 d4 32. Rd1 Rd8 33. Ke2 g5 34. Kd2 gxf4 35. gxf4 Rf8 36. Rg1+ Kh7 37. Rg4 Rg8 38. h3 Bf5 39. Rxg8 Kxg8 40. Nxc6 Bxh3 41. Nxd4 h5 42. Ke3 1-0

[Event "2015 April PHCC Rated RR G/30"]
[Site "Port Huron "]
[Date "2015.04.16"]
[Round "1"]
[White "Morabito, Matthew"]
[Black "Beneker, Gerrit"]
[Result "1-0"]
[WhiteElo "1872"]
[BlackElo "1502"]
[PlyCount "55"]
[EventDate "2015.04.16"]
[EventType "tourn"]
[EventRounds "3"]

1. e4 e5 2. Nf3 Nc6 3. c3 d5 4. Bb5 Bg4 5. h3 Bxf3 6. Qxf3 Nf6 7. exd5 Qxd5 8. Qxd5 Nxd5 9. O-O Bd6 10. Re1 O-O 11. Bxc6 bxc6 12. d3 Nf4 13. Bxf4 exf4 14. Nd2 f5 15. Nc4 Rf6 16. Kf1 Kf7 17. Ne5+ Bxe5 18. Rxe5 Re8 19. Rae1 Rxe5 20. Rxe5 g6 21. Ra5 Ke6 22. Rxa7 Kd7 23. Ra4 g5 24. Rd4+ Kc8 25. a4 Rd6 26. Rxd6 cxd6 27. b4 Kb7 28. c4 1-0

[Event "2015 April PHCC Rated RR G/30"]
[Site "Port Huron"]
[Date "2015.04.16"]
[Round "1"]
[White "Rutkofske, Lonnie"]
[Black "Jones, G. Avery"]
[Result "1-0"]
[WhiteElo "1839"]
[BlackElo "1622"]
[PlyCount "83"]
[EventDate "2015.04.16"]
[EventType "tourn"]
[EventRounds "3"]

1. e4 c6 2. h3 d5 3. e5 Bf5 4. Nf3 h6 5. d4 e6 6. a3 Nd7 7. Be2 b5 8. O-O Ne7 9. b4 Bh7 10. Nbd2 Nf5 11. Bd3 Be7 12. Re1 O-O 13. Nf1 a6 14. Bxf5 Bxf5 15. Ng3 Bg6 16. c3 Nb6 17. Rf1 Nc4 18. Nh2 Bg5 19. f4 Bh4 20. f5 exf5 21. Nxf5 Bxf5 22. Rxf5 Bg5 23. g4 Be3+ 24. Kg2 Qh4 25. Qe2 Bxc1 26. Rxc1 Nxa3 27. Nf3 Qe7 28. Rf1 Nc4 29. g5 g6 30. Rf6 h5 31. e6 Ra7 32. exf7+ Rxf7 33. Rxg6+ Rg7 34. Re6 Rxg5+ 35. Nxg5 Qxg5+ 36. Kh1 Rg7 37. Re8+ Kh7 38. Qd3+ Qg6 39. Qxg6+ Rxg6 40. Rf7+ Kh6 41. Rh8+ Kg5 42. Rfh7 1-0

[Event "2015 April PHCC Rated RR G/30"]
[Site "Port Huron"]
[Date "2015.04.16"]
[Round "2"]
[White "Morabito, Matthew"]
[Black "Rutkofske, Lonnie"]
[Result "1-0"]
[WhiteElo "1872"]
[BlackElo "1839"]
[PlyCount "48"]
[EventDate "2015.04.16"]
[EventType "tourn"]
[EventRounds "3"]

1. e4 d6 2. d3 Nd7 3. Nd2 g6 4. g3 Bg7 5. Bg2 Rb8 6. Ngf3 h6 7. O-O e6 8. Rb1 Ne7 9. Re1 O-O 10. Nc4 b5 11. Na5 c5 12. b4 Qc7 13. bxc5 Nxc5 14. Bd2 Nc6 15. Nb3 e5 16. Qc1 Kh7 17. a3 a5 18. Nxc5 dxc5 19. Be3 Be6 20. Bxc5 Rfd8 21. Be3 b4 22. axb4 Nxb4 23. Qd2 Rbc8 24. Rb2 Rd6 1-0

[Event "2015 April PHCC Rated RR G/30 "]
[Site "Port Huron"]
[Date "2015.04.16"]
[Round "2"]
[White "Beneker, Gerrit"]
[Black "Jones, G. Avery"]
[Result "0-1"]
[WhiteElo "1502"]
[BlackElo "1622"]
[PlyCount "74"]
[EventDate "2015.04.16"]
[EventType "tourn"]
[EventRounds "3"]

1. e4 c6 2. d4 d5 3. e5 Bf5 4. Bd3 Bxd3 5. Qxd3 e6 6. Nf3 Ne7 7. Bg5 Qb6 8. b3 Nf5 9. c3 c5 10. O-O Nc6 11. g4 Nfe7 12. Be3 cxd4 13. Nxd4 Nxe5 14. Qb5+ N7c6 15. Qxb6 axb6 16. Nxc6 bxc6 17. Bxb6 Nxg4 18. Bc7 Be7 19. h3 Nh6 20. Nd2 Bf6 21. Rfc1 O-O 22. c4 Bxa1 23. Rxa1 Ra7 24. Bd6 Rfa8 25. a4 Nf5 26. Bc5 Ra6 27. Kg2 g6 28. Kf3 f6 29. Re1 Kf7 30. Kg4 Ra5 31. Bb4 R5a6 32. Rc1 Rc8 33. Bc5 h6 34. Nf3 h5+ 35. Kf4 e5+ 36. Nxe5+ fxe5+ 37. Kxe5 Re8+ 0-1

[Event "2015 April PHCC Rated RR G/30 "]
[Site "Port Huron"]
[Date "2015.04.16"]
[Round "3"]
[White "Jones, G. Avery"]
[Black "Morabito, Matthew"]
[Result "0-1"]
[WhiteElo "1622"]
[BlackElo "1872"]
[PlyCount "84"]
[EventDate "2015.04.16"]
[EventType "tourn"]
[EventRounds "3"]

1. d4 Nf6 2. Nf3 g6 3. c4 Bg7 4. Nc3 O-O 5. e4 d6 6. Bd3 Nc6 7. a3 e5 8. d5 Nd4 9. Nxd4 exd4 10. Ne2 Re8 11. Ng3 c5 12. O-O Ng4 13. f3 Nxh2 14. Re1 Qh4 15. Nf1 Nxf1 16. Rxf1 Re5 17. Bd2 Rh5 18. Rb1 Bf6 {Diagram  [18...Be5!)} 19. Be1 Qh2+ 20. Kf2 Bh4+ 21. Ke2 Qxg2+ 22. Bf2 Bh3 23. Qe1 Qxf1+ 24. Qxf1 Bxf1+ 25. Kxf1 Bxf2 26. Kxf2 Rh2+ 27. Kg3 Rd2 28. Bf1 Re8 29. Bh3 Re5 30. b3 Rg5+ 31. Kf4 Rh5 32. Bc8 b6 33. b4 cxb4 34. axb4 Rc2 35. c5 bxc5 36. bxc5 Rxc5 37. Bb7 Rc7 38. Bc6 Rh2 39. Rd1 f6 40. Rxd4 a5 41. Kg3 Rc2 42. Ba4 R2c4 0-1

[Event "2015 April PHCC Rated RR G/30 "]
[Site "Port Huron"]
[Date "2015.04.16"]
[Round "3"]
[White "Rutkofske, Lonnie"]
[Black "Beneker, Gerrit"]
[Result "1-0"]
[WhiteElo "1839"]
[BlackElo "1502"]
[Annotator "Doe,John"]
[PlyCount "69"]
[EventDate "2015.04.16"]
[EventType "tourn"]
[EventRounds "3"]

1. e4 e5 2. Bc4 Nf6 3. Nc3 c6 4. d4 exd4 5. Qxd4 d6 6. Bg5 Nbd7 7. O-O-O Ne5 8. Be2 h6 9. Bf4 Bg4 10. Bxe5 Be7 11. Bxf6 Bxf6 12. e5 Bxe5 13. Qxg4 O-O 14. Nf3 f5 15. Qc4+ Kh8 16. Nxe5 Qg5+ 17. f4 Qxg2 18. Bf3 Qf2 19. Ng6+ Kh7 20. Nxf8+ Rxf8 21. Qe2 Qh4 22. Rxd6 Qxf4+ 23. Qd2 $4 Qxf3 24. Rf1 $4 Qxf1+ 25. Nd1 Re8 26. Rd7 Qa6 27. Qd4 Rg8 28. a3 Qf1 29. Qe5 f4 30. Qf5+ Kh8 31. Kb1 f3 32. Ka2 Re8 33. Ne3 Qg1 34. Ng4 Qd4 $4 35. Rxd4 1-0

[Event "EORO Senior Over 65"]
[Site "?"]
[Date "2015.04.29"]
[Round "1"]
[White "Hoose , Hannelore"]
[Black "Gregg, Alan"]
[Result "0-1"]
[WhiteElo "1709"]
[BlackElo "2083"]
[PlyCount "124"]
[EventDate "2015.04.29"]
[EventType "swiss"]
[EventCountry "GRE"]

1. e4 d6 2. Nc3 Nf6 3. g3 g6 4. Bg2 Bg7 5. Nge2 c6 6. O-O O-O 7. d3 Nbd7 8. Bd2 h6 9. Qc1 Kh7 10. f4 e6 11. Nd1 d5 12. Nf2 a5 13. g4 Ng8 14. Ng3 f5 15. c3 dxe4 16. dxe4 Ndf6 17. gxf5 exf5 18. Qc2 Ne7 19. Rad1 Qb6 20. Rde1 Ng4 21. h3 Nxf2 22. Rxf2 fxe4 23. Be3 Qc7 24. Nxe4 Nf5 25. Rf3 Nxe3 26. Rfxe3 Rxf4 27. Qd2 Rf8 28. Nf2 Bf5 29. Be4 Rad8 30. Qc2 Rd7 31. Kg2 Qf4 32. Rf3 Bxe4 33. Qxe4 Qxf3+ 34. Qxf3 Rxf3 35. Kxf3 Rd2 36. Re2 Rd7 37. c4 b5 38. cxb5 cxb5 39. b3 a4 40. bxa4 bxa4 41. Ng4 h5 42. Nf2 a3 43. Ne4 Kh6 44. Re3 Bb2 45. Re1 g5 46. Ke2 Kg6 47. Rf1 Rc7 48. Kd2 Rc6 49. Rg1 Kf5 50. Ng3+ Kg6 51. Ne4 Kh6 52. Rf1 Be5 53. Ke3 Kg6 54. Kd2 Rb6 55. Kd3 Rb2 56. Rf2 Rb1 57. Nd2 Rh1 58. Rf3 Ra1 59. Nc4 Bb2 60. Nxb2 axb2 61. Kc4 b1=Q 62. Rb3 Qe4+ 0-1

[Event "EORO Senior over 65 "]
[Site "?"]
[Date "2015.04.30"]
[Round "2"]
[White "Gregg, Alan"]
[Black "Ashby, Anthony"]
[Result "1/2-1/2"]
[WhiteElo "2083"]
[BlackElo "2129"]
[PlyCount "41"]
[EventDate "2015.04.30"]
[EventType "swiss"]
[EventCountry "GRE"]

1. e4 e6 2. d4 d5 3. Nd2 Nc6 4. c3 Be7 5. Bd3 dxe4 6. Nxe4 e5 7. dxe5 Nxe5 8. Bb5+ c6 9. Qxd8+ Bxd8 10. Be2 Be7 11. Nf3 Ng6 12. O-O Nf6 13. Nxf6+ Bxf6 14. Be3 O-O 15. Rfe1 Bg4 16. h3 Be6 17. Nd4 Bxd4 18. Bxd4 Nf4 19. Be5 Nxe2+ 20. Rxe2 Rfe8 21. Bd4 1/2-1/2

[Event "EORO SENIOR OVER 65 "]
[Site "?"]
[Date "2015.05.01"]
[Round "3"]
[White "Stokes, M."]
[Black "Gregg, Alan"]
[Result "1-0"]
[WhiteElo "2133"]
[BlackElo "2083"]
[PlyCount "61"]
[EventDate "2015.05.01"]
[EventType "swiss"]
[EventCountry "GRE"]

1. e4 e5 2. Nf3 Nc6 3. Bb5 a6 4. Ba4 Nf6 5. O-O Be7 6. Re1 b5 7. Bb3 O-O 8. d4 Nxd4 9. Nxd4 exd4 10. e5 Ne8 11. c3 d5 12. cxd4 Be6 13. Nc3 c6 14. Be3 g6 15. Ne2 Ng7 16. Rc1 Rc8 17. Nf4 Bd7 18. Qe2 h5 19. Bc2 Nf5 20. Nxh5 Nxe3 21. fxe3 gxh5 22. Qxh5 f5 23. exf6 Rxf6 24. Rf1 Be8 25. Qh7+ Kf8 26. Qh6+ Kg8 27. Bh7+ Kf7 28. Bg6+ Ke6 29. Bf5+ Kf7 30. Qh7+ Kf8 31. Be6 1-0

[Event "EORO Senior over 65"]
[Site "?"]
[Date "2015.05.02"]
[Round "4"]
[White "Gregg, Alan"]
[Black "Mass Recordo, Pere"]
[Result "1/2-1/2"]
[WhiteElo "2083"]
[BlackElo "2052"]
[PlyCount "24"]
[EventDate "2015.05.02"]
[EventType "swiss"]
[EventCountry "GRE"]

1. Nf3 e6 2. c4 d5 3. e3 f5 4. Nc3 Nf6 5. d3 c6 6. b3 Bd6 7. Be2 e5 8. O-O a6 9. Qc2 O-O 10. g3 b5 11. c5 Bc7 12. d4 e4 1/2-1/2

[Event "EORO Senior over 65"]
[Site "?"]
[Date "2015.05.03"]
[Round "5"]
[White "Gregg, Alan"]
[Black "Neumann, Joachim"]
[Result "1/2-1/2"]
[WhiteElo "2083"]
[BlackElo "2133"]
[PlyCount "45"]
[EventDate "2015.05.05"]
[EventType "swiss"]
[EventRounds "9"]
[EventCountry "GRE"]

1. e4 c5 2. Nf3 Nc6 3. Nc3 Nf6 4. d3 e5 5. Be2 Be7 6. O-O h6 7. a3 d5 8. exd5 Nxd5 9. Nxd5 Qxd5 10. Ne1 O-O 11. Bf3 Qd6 12. g3 Be6 13. Ng2 Rad8 14. b3 b6 15. Bb2 Nd4 16. Bxd4 cxd4 17. Re1 Qc7 18. Re2 Bd6 19. Ne1 Rfe8 20. Bg2 Bg4 21. Bf3 Bc8 22. Bg2 Bg4 23. Bf3 1/2-1/2

[Event "2015 May PHCC Rated Mini-Swiss"]
[Site "Port Huron"]
[Date "2015.05.07"]
[Round "3"]
[White "Bedy, Noel"]
[Black "Rutkofske, Lonnie"]
[Result "0-1"]
[WhiteElo "1594"]
[BlackElo "1837"]
[Annotator "Doe,John"]
[PlyCount "86"]
[EventDate "2015.05.07"]
[EventRounds "3"]

1. d4 g6 2. Nd2 Bg7 3. Ngf3 Nf6 4. e4 O-O 5. Bd3 d6 6. c3 Nbd7 7. O-O h6 8. Re1 e5 9. dxe5 dxe5 10. Nc4 Re8 11. Be3 Ng4 12. Qe2 Nxe3 13. Qxe3 Qe7 14. Rad1 Nc5 15. Bc2 Bg4 16. h3 Bxf3 17. Qxf3 Rad8 18. Qe3 b6 19. b4 Rxd1 20. Rxd1 Ne6 21. Ba4 Rd8 22. Rxd8+ Qxd8 23. Qd2 Qxd2 24. Nxd2 c5 25. a3 cxb4 26. axb4 {Diagram } a5 27. bxa5 bxa5 28. Nc4 Nc5 29. Bc2 a4 30. f3 f6 31. Kf2 Bf8 32. Ke3 Kf7 33. f4 exf4+ 34. Kxf4 Ne6+ 35. Ke3 a3 36. Bb3 Bc5+ 37. Kf3 Ke7 38. Ne3 Ng5+ 39. Kf4 Bd6+ 40. Kg4 Nxe4 41. Nd5+ Kd8 42. Kh4 f5 43. Ne3 Bg3# 0-1

[Event "2015 May PHCC Rated Mini-Swiss"]
[Site "Port Huron"]
[Date "2015.05.07"]
[Round "1"]
[White "Wingrove, William"]
[Black "Bedy, Noel"]
[Result "1/2-1/2"]
[WhiteElo "1652"]
[BlackElo "1594"]
[PlyCount "64"]
[EventDate "2015.05.07"]
[EventRounds "3"]

1. e4 d5 2. exd5 Qxd5 3. Nc3 Qd6 4. Nf3 Nf6 5. d4 c6 6. Be2 Bg4 7. O-O Nbd7 8. h3 Bxf3 9. Bxf3 e6 10. Be3 Be7 11. Qd2 Qc7 12. Rfe1 O-O 13. Ne2 Nb6 14. Qd3 Nbd5 15. Bd2 Rad8 16. Qb3 Qb6 17. Qxb6 axb6 18. c3 Rd7 19. Bg5 h6 20. Bxf6 Nxf6 21. Rad1 Rfd8 22. Ng3 Nh7 23. Re2 c5 24. Ree1 cxd4 25. cxd4 Rxd4 26. Rxd4 Rxd4 27. Bxb7 Rd2 28. Rb1 Bc5 29. Ne4 Rc2 30. Nxc5 Rxc5 31. b4 Rc7 32. Bf3 Ra7 {[Draw Agreed]} 1/2-1/2

[Event "2015 May PHCC Rated Mini-Swiss"]
[Site "Port Huron Chess Club"]
[Date "2015.05.07"]
[Round "2"]
[White "Rutkofske, Lonnie"]
[Black "Wingrove, William"]
[Result "1-0"]
[WhiteElo "1838"]
[BlackElo "1652"]
[PlyCount "119"]
[EventDate "2015.05.07"]
[EventType "swiss"]
[EventRounds "3"]

1. e4 c5 2. c4 d6 3. g3 g6 4. Ne2 Bg7 5. Bg2 e5 6. Nbc3 Ne7 7. O-O O-O 8. d3 Nbc6 9. Nd5 Nxd5 10. cxd5 Ne7 11. Rb1 a5 12. Nc3 Bd7 13. a4 Qb6 14. Qc2 h6 15. Nd1 f5 16. Ne3 f4 17. Nc4 Qc7 18. f3 g5 19. g4 b5 20. axb5 Bxb5 21. Ra1 Bxc4 22. Qxc4 Qb6 23. Bd2 Qxb2 24. Bc3 Qb7 25. Rfb1 Qc7 26. Rb5 a4 27. Rxa4 Rxa4 28. Qxa4 Rb8 29. Bf1 Ng6 30. Be2 Bf8 31. Qa6 Qd8 32. Qc6 Rxb5 33. Qxb5 Qa8 34. Ba5 Ne7 35. Bd1 Nc8 36. Ba4 Ne7 37. Bc7 Ng6 38. Qc6 Qa7 39. Bb6 Qa6 40. Qb5 Qa8 41. Kf2 Ne7 42. Ke2 Ng6 43. Qd7 Qa6 44. Qc6 Nh4 45. Bd8 Qa7 46. Bc7 Ng2 47. Bxd6 Bxd6 48. Qxd6 Qxa4 49. Qe6+ Kh7 50. Qf7+ Kh8 51. Qf6+ Kh7 52. Qe7+ Kg8 53. Qe6+ Kh7 54. Qf7+ Kh8 55. Qf6+ Kh7 56. Qf5+ Kh8 57. Qxe5+ Kh7 58. Qb2 Qa5 59. Qd2 Qa4 60. e5 {[Time]} 1-0